000
00258nam a2200109Ia 4500
008
231212s1967 xx 000 0 und d
041
_a
eng
082
_a
660.283
100
_a
Kvo B.C.
245
_a
Automatic Control Systems
260
_a
Delhi
_b
John We
_c
1967
999
_c
958941
_d
958941